000 00541nam a2200181Ia 4500
003 GCL
008 140319s9999 xx 000 0 ara d
040 _aGCL /
_cGCL
082 0 4 _a813.01
_bى ش
100 1 _aيوسف القعيد
245 1 0 _aشكاوى المصرى الفصيح المزاد /
_cيوسف القعيد
260 _a[S.N] :
_bدار الوحدة للطباعة والنشر ،
_c1983
300 _a496ص
490 _a
650 0 4 _aالادب العربى
650 0 4 _aالقصص الشعبية
942 _2ddc
_cBK
999 _c28040
_d28040